Top 10 teuersten Portugiesen - Statistiken

Allgemein
  • Dieses Quiz wurde 56 mal gespielt
  • Das Durchschnittsergebnis liegt bei 4 aus 10
Antwortstatistiken
Hint Antwort % Korrekt
2 Cristiano Ronaldo
100%
1 Joao Felix
74%
3 Ruben Dias
57%
5 Bruno Fernandes
49%
10 Luis Figo
47%
6 Joao Cancelo
38%
4 Goncalo Ramos
30%
8 Pedro Neto
15%
7 Matheus Nunes
11%
9 Otavio
4%
Keine übereinstimmenden Quizze gefunden
Verteilung der Resultate
Anzahl Personen mit jedem Resultat
Perzentil nach korrekt beantworteten Fragen
Ihre Resultats-Entwicklung
Sie haben dieses Quiz noch nicht gespielt